| 000 | 01177naa a2200277 c 4500 | ||
|---|---|---|---|
| 001 | 47645 | ||
| 003 | ES-MaCES | ||
| 005 | 20160512103832.0 | ||
| 008 | 160512s2015 fr ||||| t||||||| ||fre d | ||
| 040 |
_aES-MaCES _bspa _cES-MaCES _dES-MaCES |
||
| 100 | 1 |
_936904 _aAslan, Gürdal |
|
| 245 | 1 | 2 |
_aL'impact du salaire minimun sur l'emploi dans les pays en développement _b: le cas de la Turquie _cGürdal Aslan, Djamel Kirat |
| 500 | _aResumen | ||
| 504 | _aBibliografía: p. 53 | ||
| 650 | 4 |
_928300 _apolítica de empleo |
|
| 650 | 4 |
_928292 _amercado de trabajo |
|
| 650 | 4 |
_928388 _adeterminación del salario |
|
| 650 | 4 |
_928382 _asalario mínimo |
|
| 650 | 4 |
_927092 _apaís en desarrollo |
|
| 650 | 4 |
_926990 _aTurquía |
|
| 653 | 1 | 0 | _aEmpleo |
| 700 | 1 |
_936905 _aKirat, Djamel |
|
| 773 | 0 |
_983880 _dParis (Place de Fontenoy, 1, 75700) Ministère du travail, de l'emploi et de la formation professionnelle, Direction de l'animation de la recherche, des études et de la statistique (DARES) _o086782 _tTravail et emploi _w(ES-MaCES)25363 _gnº 142 (avril-juin 2015) {10352 R. 086782} ;p. 41-54 |
|
| 902 | _aART Artículo de revista | ||
| 942 |
_2CES _cAR _h2.0. |
||
| 999 |
_c47645 _d47645 |
||